000 00252nam a22001217a 4500
008 170530b xxu||||| |||| 00| 0 eng d
041 _aeng
080 _a94
100 _a17
101 _aSHH
245 _aDESCENT CHAOS
_cRASHID.A
942 _2udc
_cBK
999 _c15101
_d15101